Central Library OPAC University of Rajshahi

One step forward, two steps back (the crisis in our party) / (Record no. 42657)

MARC details
000 -LEADER
fixed length control field 00723nam a2200229 a 4500
001 - CONTROL NUMBER
control field 42657
003 - CONTROL NUMBER IDENTIFIER
rucl marc code BD-RjUL
005 - DATE AND TIME OF LATEST TRANSACTION
control field 20211209053555.0
008 - FIXED-LENGTH DATA ELEMENTS--GENERAL INFORMATION
fixed length control field 160614s1973 rur 00010 eng d
035 ## - SYSTEM CONTROL NUMBER
System control number (BD-RjUL) 42775
System control number 763883
040 ## - CATALOGING SOURCE
Original cataloging agency ANL
Language of cataloging eng
Modifying agency ANL
-- BD-RjUL
Transcribing agency BD-RjUL
041 ## - LANGUAGE CODE
Language code of text/sound track or separate title eng
082 0# - DEWEY DECIMAL CLASSIFICATION NUMBER
Classification number 324.24707209041
Edition number 22
Author mark and year LEO 1973
100 1# - MAIN ENTRY--PERSONAL NAME
Personal name Lenin, Vladimir Ilich,
Dates associated with a name 1870-1924.
9 (RLIN) 131133
245 10 - TITLE STATEMENT
Title One step forward, two steps back (the crisis in our party) /
Statement of responsibility, etc. V.I. Lenin.
260 ## - PUBLICATION, DISTRIBUTION, ETC. (IMPRINT)
Place of publication, distribution, etc. Moscow :
Name of publisher, distributor, etc. Progress Publishers,
Date of publication, distribution, etc. 1973
300 ## - PHYSICAL DESCRIPTION
Pagination 229 p. ;
Size 17 cm.
500 ## - GENERAL NOTE
General note Translation of Shag vpered, dva shaga nazad.
650 #0 - SUBJECT ADDED ENTRY--TOPICAL TERM
Topical term or geographic name as entry element Communism
Geographic subdivision Soviet Union
General subdivision History.
9 (RLIN) 131134
942 ## - ADDED ENTRY ELEMENTS (KOHA)
Source of classification or shelving scheme Dewey Decimal Classification
Koha item type Books
Holdings
Lost status Source of classification or shelving scheme Damaged status Not for loan Collection code Permanent Location Current Location Shelving location Date acquired Source of acquisition Cost, normal purchase price Total Checkouts Full call number Date last seen Copy number Koha item type
  Dewey Decimal Classification     Non-fiction Central Library, University of Rajshahi Central Library, University of Rajshahi   05/05/1977 Heffer And Songs 0.15   335.43 LEO 1973 14/06/2016 C-2 Books